| 000 | 00974nam a22003137a 4500 | ||
|---|---|---|---|
| 003 | CHAP | ||
| 005 | 20220329133749.0 | ||
| 008 | 971013c19491943 r 00010 d | ||
| 010 | _a10532 | ||
| 011 | _a11504 | ||
| 035 | _a10742 | ||
| 040 | _cCHAP | ||
| 082 |
_a549 _bD35 1941 |
||
| 100 | 0 | 0 |
_aDana, James Dwight. _931014 |
| 245 | _aManual of mineralogy | ||
| 250 | _a15 ed | ||
| 260 |
_aNew York : _bWiley, _c1949 (c.1943) |
||
| 300 |
_a480 p. _b: ilus |
||
| 590 |
_aBATCH-UPD _b10 _c20130110 _lUCH01 _h2123 |
||
| 590 |
_aBATCH-UPD _b10 _c20130410 _lUCH01 _h1433 |
||
| 590 |
_aBATCH-UPD _b10 _c20130914 _lUCH01 _h1819 |
||
| 590 |
_aCONVERSION _b10 _c20130109 _lUCH01 _h1307 |
||
| 650 | 1 | 4 |
_aMineralogía. _975940 |
| 901 | _aBK | ||
| 942 | _cLIBRO | ||
| 949 |
_a549 D35 1941 _bBC _cLIBRO _d33724000447322 _eLIBRO _i10742 _si |
||
| 949 |
_a549 D35 1941 _bBC _cLIBRO _d33724000447363 _eLIBRO _fc.2 _i10742 _si |
||
| 949 |
_a549 D35 1941 _bBC _cLIBRO _d33724000657748 _eLIBRO _fc.3 _i10742 _si |
||
| 999 |
_c10532 _d10532 |
||